Microsoft Windows 2000 server
Uloženo v:
| Hlavní autoři: | , , |
|---|---|
| Médium: | Kniha |
| Jazyk: | španělština |
| Vydáno: |
Madrid
Prentice Hall
2000
|
| Edice: | Al Descubierto
|
| Témata: | |
| Tagy: |
Přidat tag
Žádné tagy, Buďte první, kdo vytvoří štítek k tomuto záznamu!
|
MARC
| LEADER | 00000nam a2200000 a 4500 | ||
|---|---|---|---|
| 001 | UCM8443 | ||
| 003 | CL-VaPUC | ||
| 008 | 030314e20000000SP |||||||||||||||||spa|d | ||
| 082 | 0 | 4 | |a 005.4476 |b BRO |2 21 |
| 100 | 0 | |a Brown, Todd |e author |9 474501 | |
| 700 | 0 | |a Miller, Chris |e author |9 474502 | |
| 700 | 0 | |a Powell, Keith |e author |9 474503 | |
| 245 | 1 | 0 | |a Microsoft Windows 2000 server |
| 300 | |a 793 p | ||
| 942 | |c BK | ||
| 945 | |d 20030314 00:00:00 |a vberengu | ||
| 260 | |a Madrid |b Prentice Hall |c 2000 | ||
| 650 | 0 | |a Windows |9 324619 | |
| 650 | 0 | |a Sistemas operativos |9 260288 | |
| 650 | 7 | |a CLIENTE-SERVIDOR |2 CL-VaPUC |9 389734 | |
| 583 | |a last modification |c 20030314 00:00:00 |k Rodrigo Vera | ||
| 490 | 0 | |a Al Descubierto | |
| 999 | |c 302952 |d 302950 | ||
| 952 | |0 0 |1 0 |4 0 |6 005_447600000000000_BRO_2000 |7 0 |8 F |9 363804 |a BIBING |b BIBING |d 2019-11-21 |i 3883515 |o 005.4476 BRO 2000 |p 3883515 |r 2023-03-02 |w 2019-11-21 |y BK_F |k ING | ||